| 000 -ლიდერი |
| ფიქსირებული სიგრძის საკონტროლო ველი |
01884nam a22002537a 4500 |
| 003 - საკონტროლო ნომრის იდენტიფიკატორი |
| საკონტროლო ველი |
Ge_BSU |
| 005 - ბოლო ოპერაციის თარიღი და დრო |
| საკონტროლო ველი |
20250129171224.0 |
| 008 - ფიქსირებული სიგრძის მონაცემთა ელემენტები - ზოგადი ინფორმაცია |
| ფიქსირებული სიგრძის საკონტროლო ველი |
250129s2016 ge ||||| |||| 00| 0 geo d |
| 020 ## - წიგნის საერთაშორისო სტანდარტული ნომერი |
| International Standard Book Number |
9789941227370 |
| 041 ## - ენის კოდი |
| Language code of text/sound track or separate title |
geo |
| 080 ## - უნივერსალური ათობითი კლასიფიკაციის ინდექსი |
| Universal Decimal Classification number |
004.738.5:338.22(075.8) ა-20 |
| 100 ## - მთავარი ჩანაწერი - პიროვნების სახელი |
| Personal name |
აბულაძე, რატი |
| 9 (RLIN) |
24173 |
| 245 ## - ცნობა სათაურის შესახებ |
| Title |
ელექტრონული ბიზნესი : |
| Remainder of title |
(დამხმარე. სახელმძღვანელო) / |
| Statement of responsibility, etc |
რატი აბულაძე, ფიქრია წოწკოლაური; რედაქტორი ვახტანგ სართანია; საქ. საპატრიარქოს წმ. ანდრია პირველწოდებულის სახ. ქართული უნ-ტი, ეკონომიკისა და ბიზნესის მართვის სკოლა (ფაკულტეტი). |
| 264 ## - წარმოების, გამოცემის, დისტრიბუციის და სხვა ცნობები |
| გამოცემის, წარმოების, დისტრიბუციის... ადგილი |
თბილისი : |
| გამოცემის, წარმოების, დისტრიბუციის... სახელწოდება |
უნივერსალი, |
| გამოცემის, წარმოების, დისტრიბუციის... თარიღი |
2016. |
| 300 ## - ფიზიკური აღწერა |
| Extent |
258 გვ. : |
| Other physical details |
ცხრ. ; |
| Dimensions |
20 სმ. |
| 500 ## - ზოგადი შენიშვნა |
| General note |
თავფურცლის მე-2 გვერდი ინგლ. ენაზე. |
| 504 ## - BIBLIOGRAPHY, ETC. NOTE |
| Bibliography, etc |
ბიბლიოგრ.: გვ. 237-257. |
| 653 ## - INDEX TERM--UNCONTROLLED |
| Uncontrolled term |
ელექტრონული ბიზნესი |
| 700 ## - ADDED ENTRY--PERSONAL NAME |
| Personal name |
წოწკოლაური, ფიქრია |
| Relator term |
ავტორი |
| 9 (RLIN) |
574 |
| 700 ## - ADDED ENTRY--PERSONAL NAME |
| Personal name |
სართანია, ვახტანგ |
| Relator term |
რედაქტორი |
| 9 (RLIN) |
24174 |
| 710 ## - ADDED ENTRY--CORPORATE NAME |
| Corporate name or jurisdiction name as entry element |
საქ. საპატრიარქოს წმ. ანდრია პირველწოდებულის სახ. ქართული უნ-ტი. |
| Subordinate unit |
ეკონომიკისა და ბიზნესის მართვის სკოლა (ფაკ-ტი). |
| 9 (RLIN) |
24175 |
| 773 ## - HOST ITEM ENTRY |
| Title |
ნაჩუქარი |
| 942 ## - ADDED ENTRY ELEMENTS (KOHA) |
| Source of classification or shelving scheme |
|
| Koha item type |
წიგნი |